000 00485 a2200169 4500
001 192469
020 _a978-85-352-6396-1
040 _cMagnum
100 _aMcchesney, Chris
240 1 0 _aAs 4 disciplinas da execução: garanta o foco nas metas crucialmente importantes
_lpor
245 1 0 _aAs 4 disciplinas da execução: garanta o foco nas metas crucialmente importantes
300 _a352
362 0 _a2013
440 1 _aElsevier
697 _aLITERATURA GERAL
942 _cBK
999 _c192469
_d192469